ARRUPE JESUIT UNIVERSITY

CORONAVIRUS -STOP THE SPREAD - CLEAN,DISINFECT,COVER

A history of Uteve under the Mwene Mutapa rulers, 1480-1834 (Record no. 916)

MARC details
000 -LEADER
fixed length control field 00544nam a2200205Ia 4500
003 - CONTROL NUMBER IDENTIFIER
control field 0100
008 - FIXED-LENGTH DATA ELEMENTS--GENERAL INFORMATION
fixed length control field 130227s9999 xx 000 0 und d
040 ## - CATALOGING SOURCE
Transcribing agency ARRUPELIB
050 ## - LIBRARY OF CONGRESS CALL NUMBER
Classification number DT2913.T43M94
100 ## - MAIN ENTRY--PERSONAL NAME
Personal name Mtetwa, Andrew Hama
9 (RLIN) 31810
245 #2 - TITLE STATEMENT
Title A history of Uteve under the Mwene Mutapa rulers, 1480-1834
245 ## - TITLE STATEMENT
Remainder of title a re-evaluation
260 ## - PUBLICATION, DISTRIBUTION, ETC. (IMPRINT)
Name of publisher, distributor, etc University Microfilms International
Place of publication, distribution, etc Ann Arbor
Date of publication, distribution, etc 1984
300 ## - PHYSICAL DESCRIPTION
Extent 399p.
300 ## - PHYSICAL DESCRIPTION
Other physical details 23 cm
650 ## - SUBJECT ADDED ENTRY--TOPICAL TERM
Topical term following geographic name as entry element Teve (African people)
General subdivision History
9 (RLIN) 31811
942 ## - ADDED ENTRY ELEMENTS (KOHA)
Source of classification or shelving scheme Library of Congress Classification
Item type Monograph ( Printed materials)
Holdings
Withdrawn status Lost status Source of classification or shelving scheme Damaged status Not for loan Collection code Home library Current library Shelving location Date acquired Total Checkouts Full call number Barcode Date last seen Date last borrowed Copy number Price effective from Koha item type
    Library of Congress Classification     Main Collection ARRUPE LIBRARY ARRUPE LIBRARY   27/02/2013 1 DT2913.T43M94 46401604 19/07/2019 11/07/2019 1 27/02/2013 Monograph ( Printed materials)

 

Arrupe Library. PO Box MP320 Mt Pleasant, Harare, Zimbabwe
263 242 745411|librarian@aju.ac.zw